00491nam a2200109Ia 4500008004100000020001800041100006600059245016100125260002700286650002200313856004600335171212s9999 xx 000 0 und d a9780833045102 aCamm, Frank;Bartis, James T.;Bushman, Charles J.;Le, Vi-Nhuan cCamm, Frank;Bartis, James T.;Bushman, Charles J.;Le, Vi-NhuanaFederal Financial Incentives to Induce Early Experience Producing Unconventional Liquid Fuels bRAND Corporationc2008 aPolitical Science uwww.jstor.org/stable/10.7249/tr586af-netl